LEADER 03161nam 2200601Ia 450 001 9910783920703321 005 20231010174238.0 010 $a1-281-88127-9 010 $a9786611881276 010 $a981-270-111-7 035 $a(CKB)1000000000334286 035 $a(EBL)296088 035 $a(OCoLC)476063294 035 $a(SSID)ssj0000123472 035 $a(PQKBManifestationID)11159769 035 $a(PQKBTitleCode)TC0000123472 035 $a(PQKBWorkID)10014334 035 $a(PQKB)11133883 035 $a(MiAaPQ)EBC296088 035 $a(WSP)00000287 035 $a(Au-PeEL)EBL296088 035 $a(CaPaEBR)ebr10174068 035 $a(CaONFJC)MIL188127 035 $a(EXLCZ)991000000000334286 100 $a20060329d2005 uy 0 101 0 $aeng 135 $aur|n|---||||| 181 $ctxt$2rdacontent 182 $cc$2rdamedia 183 $acr$2rdamedia 200 00$aClinical applications of bone allografts and substitutes $ebiology and clinical applications /$feditor, Glyn O. Phillips 210 $aHackensack, N.J. $cWorld Scientific$dc2005 215 $a1 online resource (196 pages) 225 1 $aAllografts in bone healing 311 0 $a981-256-343-1 320 $aIncludes bibliographical references. 327 $aCONTENTS; INTRODUCTION TO THE SERIES; PREFACE; LIST OF CONTRIBUTORS; 1 IAEA CODE OF PRACTICE FOR THE RADIATION STERILISATION OF TISSUE ALLOGRAFTS: REQUIREMENTS FOR VALIDATION AND ROUTINE CONTROL; 2 PRESERVED BONE ALLOGRAFTS IN RECONSTRUCTIVE ORTHOPAEDICS; 3 CLINICAL STRATEGY FOR APPLICATION OF DEEP FROZEN-RADIATION STERILISED BONE ALLOGRAFTS; 4 CLINICAL RESULTS AND ORGANISATIONAL ASPECTS OF AUTOGENOUS AND ALLOGENOUS BONE GRAFTING IN THE TREATMENT OF 226 PATIENTS WITH PRIMARY OSSEOUS NEOPLASMS 327 $a5 NEW APPROACHES TO COMPARATIVE EVALUATION OF ALLOGENIC AND AUTOLOGOUS BONE TRANSPLANTS PROCURED IN VARIOUS WAYS; 6 THE USE OF FREEZE-DRIED MINERALISED AND DEMINERALISED BONE; 7 PRESERVED ALLOGENIC RIB CARTILAGE IN RECONSTRUCTIVE SURGERY; 8 BONE SUBSTITUTES AND RELATED MATERIALS IN CLINICAL ORTHOPAEDICS 330 $aAlthough bone allografts were first utilized by McEwen in orthopaedic surgery in 1881, progress since then has been sporadic. With the growth of tissue banks and the greater availability of safe and sterile bone grafts, the pace has now quickened; in 2004, more than one million such grafts were used in the USA alone. However, the practice generally remained a "cottage industry" well into the latter part of the 20th century. This volume provides an international expert evaluaton of the current use of bone, bone substitutes and related allografts, and describes up-to-date practices and clinical 410 0$aAllografts in bone healing ;$v3. 606 $aBone-grafting 606 $aBones$xSurgery 615 0$aBone-grafting. 615 0$aBones$xSurgery. 676 $a617.4/710592 701 $aPhillips$b Glyn O$022968 801 0$bMiAaPQ 801 1$bMiAaPQ 801 2$bMiAaPQ 906 $aBOOK 912 $a9910783920703321 996 $aClinical applications of bone allografts and substitutes$93729044 997 $aUNINA LEADER 00835nam a2200229 i 4500 001 991004367936807536 005 20250212121906.0 008 250212s2017 it e 001 0dita 020 $a9788869449178 040 $aBibl. Dip.le Aggr. Studi Umanistici - Sez. Filosofia$bita 082 1 $a120 100 1 $aJaeggi, Rahel$0759087 245 00$aAlienazione :$battualitą di un problema filosofico e sociale /$cRahel Jaeggi ; a cura di Giorgio Fazio ; traduzione di Alice Romoli e Giorgio Fazio ; con una nuova postfazione dell'autrice 260 $aRoma :$bCastelvecchi,$c2017 300 $a356 p. ;$c21 cm. 490 1 $aLe boe / [Castelvecchi] 650 7$aAlienazione (Psicologia) 650 7$aAlienazione (Filosofia) 700 1 $aFazio, Giorgio 912 $a991004367936807536 996 $aAlienazione$94312277 997 $aUNISALENTO LEADER 03853nam 2200433z- 450 001 9910136800403321 005 20210211 035 $a(CKB)3710000000631118 035 $a(oapen)https://directory.doabooks.org/handle/20.500.12854/53405 035 $a(oapen)doab53405 035 $a(EXLCZ)993710000000631118 100 $a20202102d2016 |y 0 101 0 $aeng 135 $aurmn|---annan 181 $ctxt$2rdacontent 182 $cc$2rdamedia 183 $acr$2rdacarrier 200 00$aMicrobial responses to environmental changes 210 $cFrontiers Media SA$d2016 215 $a1 online resource (261 p.) 225 1 $aFrontiers Research Topics 311 08$a2-88919-723-9 330 $aAdvances in next generation sequencing technologies, omics, and bioinformatics are revealing a tremendous and unsuspected diversity of microbes, both at a compositional and functional level. Moreover, the expansion of ecological concepts into microbial ecology has greatly advanced our comprehension of the role microbes play in the functioning of ecosystems across a wide range of biomes. Super-imposed on this new information about microbes, their functions and how they are organized, environmental gradients are changing rapidly, largely driven by direct and indirect human activities. In the context of global change, understanding the mechanisms that shape microbial communities is pivotal to predict microbial responses to novel selective forces and their implications at the local as well as global scale. One of the main features of microbial communities is their ability to react to changes in the environment. Thus, many studies have reported changes in the performance and composition of communities along environmental gradients. However, the mechanisms underlying these responses remain unclear. It is assumed that the response of microbes to changes in the environment is mediated by a complex combination of shifts in the physiological properties, single-cell activities, or composition of communities: it may occur by means of physiological adjustments of the taxa present in a community or selecting towards more tolerant/better adapted phylotypes. Knowing whether certain factors trigger one, many, or all mechanisms would greatly increase confidence in predictions of future microbial composition and processes. This Research Topic brings together studies that applied the latest molecular techniques for studying microbial composition and functioning and integrated ecological, biogeochemical and/or modeling approaches to provide a comprehensive and mechanistic perspective of the responses of micro-organisms to environmental changes. This Research Topic presents new findings on environmental parameters influencing microbial communities, the type and magnitude of response and differences in the response among microbial groups, and which collectively deepen our current understanding and knowledge of the underlying mechanisms of microbial structural and functional responses to environmental changes and gradients in both aquatic and terrestrial ecosystems. The body of work has, furthermore, identified many challenges and questions that yet remain to be addressed and new perspectives to follow up on. 606 $aMicrobiology (non-medical)$2bicssc 610 $aecosystem functioning 610 $aenvironmental change 610 $amicro-organism 610 $amicrobial community composition 610 $amicrobial diversity 610 $amicrobial ecology 610 $anext-generation sequencing 615 7$aMicrobiology (non-medical) 700 $aStuart E. G. Findlay$4auth$01297630 702 $aJerome Comte$4auth 702 $aJurg B. Logue$4auth 906 $aBOOK 912 $a9910136800403321 996 $aMicrobial responses to environmental changes$93024638 997 $aUNINA